000 01078nam a2200229Ia 4500
003 Ost
005 20260416102353.0
008 260416s9999||||xx |||||||||||||| ||und||
040 _cfsecg
041 _aara
082 _a332.12
100 _aبن معزوز، كمال
_eمؤلف
245 0 _aإدارة البنوك /
_c كمال بن معزوز
260 _aالجزائر
_bجامعة الجزائر3: كلية العلوم الإقتصادية، العلوم التجارية وعلوم التسيير
_c2018
300 _a116 ورقة
_bايضاحات
_c30 سم
504 _aمراجع ص.113
520 _aطبيعة النشاط البنكي والعمليات البنكية و التطرق الى إدارة العمليات الجارية و الادارة المالية للبنوك التجارية.
653 _aالبنوك
653 _aالبنوك التجارية
710 _aجامعة الجزائر3: كلية العلوم الإقتصادية، العلوم التجارية وعلوم التسيير
_eناشر علمي
942 _cHANDOUT
999 _c41083
_d41083